Noem de laatste 20 wereldkampioenen in de formule 1 - Statistieken

Algemene statistieken
  • Deze quiz is 51 keer genomen
  • De gemiddelde score is 9 van 20
Antwoordstatistieken
Hint Antwoord % Correct
2024 Max Verstappen
100%
Lewis Hamilton
91%
Nico Rosberg
75%
Sebastian Vettel
68%
Michael Schumacher
66%
Fernando Alonso
59%
Ayrton Senna
55%
Kimi Räikkönen
52%
Jenson Button
50%
Alain Prost
45%
Niki Lauda
45%
Mika Häkkinen
36%
Nelson Piquet
34%
Jacques Villeneuve
32%
Damon Hill
30%
Nigel Mansell
25%
Keke Rosberg
20%
Jody Scheckter
9%
1978 Mario Andretti
9%
Alan Jones
7%
Geen overeenkomende quizzen gevonden
Scoreverdeling
Procent van Mensen met Elke Score
Percentiel versus Aantal Correcte Antwoorden
Uw Scoregeschiedenis
U heeft deze quiz nog niet genomen